The Evil Within - Characters - Statistics

General Stats
  • This quiz has been taken 30 times
  • The average score is 7 of 15
Answer Stats
Answer % Correct
Joseph Oda
100%
Juli Kidman
100%
Sebastian Castellanos
94%
Laura Victoriano
78%
Ruben Victoriano
78%
Leslie Withers
67%
The Administrator
39%
Marcelo Jimenez
33%
Oscar Connelly
33%
Ernesto Victoriano
28%
Tatiana Gutierrez
28%
Myra Hanson
22%
Beatriz Victoriano
17%
Black Cat
11%
Pedro Martin
11%
No matching quizzes found
Score Distribution
Percent of People with Each Score
Percentile by Number Answered
Your Score History
You have not taken this quiz